000 00955nam a22003252 4500
001 75616
003 BD-RjUL
005 20211209082722.0
008 190502s1984 enka 001 0 eng d
020 _a0712101888 (pbk)
035 _aOCLC ocm12164108 from D970312M
035 _a(BD-RjUL)75834
040 _aUKM
_cUKM
_dEUN
_dEQO
_dBD-RjUL
_beng
041 _aeng
082 0 _223
_a658.15
_bWAB 1984
100 1 _aWatts, B. K. R.
_q(Brian Keith Rolfe)
_9231438
245 1 0 _aBusiness and financial management /
_cB.K.R. Watts.
250 _a5th ed.
260 _aPlymouth :
_bMacdonald and Evans,
_c1984.
300 _aviii, 312 p. :
_bill. ;
_c22 cm.
490 0 _aM. & E. handbook series
500 _aPrevious ed: 1981.
500 _aIncludes index.
650 0 _aCorporations
_xFinance.
_9231439
650 0 _aIndustries
_zGreat Britain .
_9231440
942 _2ddc
_cBK
999 _c75616
_d75616